Periodic Table Elements Starting With O - Statistics

General Stats
  • This quiz has been taken 31 times
  • The average score is 5 of 6
Answer Stats
Answer % Correct
O
100%
Os
95%
Oxygen
90%
Og
76%
Osmium
76%
Oganesson
57%
No matching quizzes found
Score Distribution
Percent of People with Each Score
Percentile by Number Answered
Your Score History
You have not taken this quiz